| 000 | 02869nam a2200289 a 4500 | ||
|---|---|---|---|
| 001 | 000013956 | ||
| 003 | OSt | ||
| 005 | 20250204073951.0 | ||
| 008 | 091202t2006 dr 001 e spa d | ||
| 040 |
_aDO-SdBNP _bspa _cBNPHU |
||
| 082 |
_aRD864.44 _bB583p, 2006 |
||
| 100 | 1 |
_aBichara, Rubén, _d1960- _931618 |
|
| 245 | 1 | 0 |
_aPáginas revueltas / _cRubén Bichara ; editor Rafael Grullón ; prólogo Mariano Lebrón Saviñón. |
| 250 | _a2a. ed. | ||
| 260 |
_a[Santo Domingo?] : _bTaina, _c2006. |
||
| 300 |
_a169 p. ; _c22 cm. |
||
| 500 | _aIncluye datos biográficos del autor en la contracubierta. | ||
| 505 | 0 |
_gPrólogo: Lecturas deleitables / _rMariano Lebrón Saviñón -- _tIn Memorian (A Quintín Jiménez) -- _tEl caballero de la armadura oxidada / Robert Fisher -- _tEl general en su laberinto / García Márquez -- _tEl cartero de Neruda (Ardiente paciencia) / Antonio Skármeta -- _tEl ocaso del pensamiento / E.M. Cioran -- _tLes misérables / Víctor Hugo -- _tCumbres Borrascosas / Emily Bronté -- _tCrimen y castigo / Fedor Dostoievski -- _tRojo y negro / Stendhal (Henri Beyle) -- _tEl doctor Zhivago / Boris L. Pasternak -- _tCuentos de Eva Luna / Isabel Allende -- _tEl siglo de las luces / Alejo Carpentier -- _tEl extranjero / Albert Camus -- _tCuando quiero llorar no lloro / Miguel Otero Silva -- _tLos cuentos de Canterbury -- Geoffrey Chaucer -- _tThe rocking horse winner / D.H. Lawrence -- _tDemian / Hermann Hesse -- _tEl cartero del rey / Rabindranath Tagore -- _tDon Quijote de la Mancha / Miguel de Cervantes -- _tTestigo fiel de Dios / Juan Gerardi -- _tVida, obra y muerte I / Pablo Neruda -- _tVida, obra y muerte II / Pablo Neruda -- _tVida, obra y muerte III / Pablo Neruda -- _tLa buena tierra / Pearl S. Buck -- _tLos pasos perdidos / Alejo Carpentier -- _tHamlet / William Shakespeare -- _tLa familia / Pascual Duarte -- _tLos puentes de Madison / Robert James Waller -- _tEl principito / Saint-Exúpery -- _tEl viejo y el mar / Ernest Hemingway -- _tEl arte de la guerra / Sun Tzu -- _tBuzón de tiempo / Mario Benedetti -- _t¿Quo vadis? / Henryk Sienkiewicz -- _tLa tregua / Mario Benedetti -- _tUna carta para Dios / Donald A. Yates -- _tLa ciudad de las bestias / Isabel Allende -- _tA sangre fría / Truman Capote -- _tMemorias / García Márquez -- _tVivir para contarla / Gabriel García Márquez -- _tEl túnel / Ernesto Sábato -- _tRomeo y Julieta /William Shakespeare -- _tLa fiesta del chivo / Mario Vargas Llosa -- _tEl príncipe feliz / Oscar Wilde -- _tLos amos / Juan Bosch. |
|
| 590 | _aInventariado, 2020 / DG | ||
| 650 | 0 |
_aEnsayos dominicanos _965 |
|
| 650 | 4 |
_aAutores en literatura _xEnsayos, conferencias, etc. _931619 |
|
| 650 | 0 |
_aLiteratura dominicana. _967 |
|
| 700 | 1 |
_aGrullón, Rafael, _eed. _931620 |
|
| 700 | 1 |
_aLebrón Saviñon, Mariano _d1922-2014 _epról. _97227 |
|
| 910 | _aValidado. Control de calidad EMS. | ||
| 942 |
_2ddc _cLBS1 |
||
| 999 |
_c13560 _d13560 |
||